| 000 | 00655nab a2200253 a 4500 | ||
|---|---|---|---|
| 005 | 20210219161337.0 | ||
| 008 | 991125s1985 mx 000 0 spa u | ||
| 035 | _aUPN01000183189 | ||
| 100 | 1 | _aPol, Josep Lluís | |
| 222 | _aUNO : | ||
| 222 | _bREVISTA DE DIDACTICA DE LAS MATEMATICAS | ||
| 245 | _aLa aventura de los planos | ||
| 260 | _aBarcelona, España | ||
| 300 | _a28-37 | ||
| 362 | 0 | _a2011 Año 17, no. 56, ene.-mar. | |
| 653 | 0 | _aPLANOS | |
| 653 | 0 | _aEDUCACION PRIMARIA | |
| 653 | 0 | _aMALLORCA, ESPAÑA | |
| 653 | 0 | _aAUTONOMIA PERSONAL | |
| 653 | 0 | _aTICS | |
| 700 | 1 | _aRuiz, Daniel, | |
| 700 | 1 | _ecoaut. | |
| 905 | _aArticulo | ||
| 999 |
_c155292 _d155292 |
||